Mašinostroitel´noje čerčenije. Učebnoje posobije dlja studentov mašinostroitel´nych special´nostej vuzov.

Uložené v:
Podrobná bibliografia
Hlavný autor: Vjatkin, G. P.
Médium: Kniha
Jazyk:Russian
Vydané: Moskva : Mašinostrojenije, 1977.
Fyzický popis: 303 strán.
Tagy: Pridať tag
Žiadne tagy, Buďte prvý kto otaguje tento záznam!

MARC

LEADER 00000nam a22000002i 4500
001 000634310
005 20200422083915.0
008 200422s1977 ru e 000 0 rus d
020 |q (viazané) 
040 |a SVKKK  |b slo  |c SVKKK  |e rda 
100 1 |a Vjatkin, G. P. 
245 1 0 |a Mašinostroitel´noje čerčenije. Učebnoje posobije dlja studentov mašinostroitel´nych special´nostej vuzov. 
264 1 |a Moskva :  |b Mašinostrojenije,  |c 1977. 
300 |a 303 strán. 
336 |a text  |b txt  |2 rdacontent 
337 |a bez média  |b n  |2 rdamedia 
338 |a zväzok  |b nc  |2 rdacarrier 
500 |a Záznam revízie 
910 |a svkkk 
998 |a BK 
090 |g SCKHL  |k Sklad Pribinova 2. posch.  |a III.116677  |j 612165  |i 2720729098  |4 Zastaraná  |s Vyradená